Normal view
MARC view
Entry Personal Name
001 - CONTROL NUMBER
- control field: 26383
003 - CONTROL NUMBER IDENTIFIER
- control field: OSt
005 - DATE AND TIME OF LATEST TRANSACTION
- control field: 20230620145013.0
008 - FIXED-LENGTH DATA ELEMENTS
- fixed length control field: 230620|| aca||aabn | a|a d
040 ## - CATALOGING SOURCE
- Original cataloging agency: OSt
- Transcribing agency: OSt
100 ## - HEADING--PERSONAL NAME
- Personal name: ပၺ်ႇၺႃႇၼၼ်ႇတ၊
- Titles and other words associated with a name: ၸဝ်ႈသြႃႇလူင်၊ Dr.၊ တူၼ်ၶူးၸဝ်ႈလဵဝ် ပဵၼ်သၢမ်ထႅၼ်ႈ။
670 ## - SOURCE DATA FOUND
- Source citation: Work cat.: (OSt): ပၺ်ႇၺႃႇၼၼ်ႇတ၊ ၸဝ်ႈသြႃႇလူင်၊ Dr.၊ တူၼ်ၶူးၸဝ်ႈလဵဝ် ပဵၼ်သၢမ်ထႅၼ်ႈ။, တူဝ်ထူပ်းလႄႈ တၢင်းႁၼ်ထိုင် ၵႆၸမ် /, 2015 ။